000 00307nam a2200109Ia 4500
008 201216s9999 xx 000 0 und d
100 _aJahoda, Marie
245 0 _aEmployment and unemployment : A social-psychological analysis
260 _aCambridge
_bCambridge University Press
300 _a112
942 _cBK
999 _c6594
_d6594